|
|
|
|
| LEADER |
00000nam a2200000Ia 4500 |
| 008 |
180529b1999 cr ||||| |||| 00| | spa d |
| 999 |
|
|
|c 1066
|d 1066
|
| 020 |
|
|
|a 9977-67-563-5
|
| 090 |
|
|
|a 02.01.01
|b 840
|
| 100 |
1 |
|
|a Quesada Camacho, Juan Rafael
|9 2397
|
| 245 |
1 |
0 |
|a Costa Rica contemporánea : raíces del estado de la nación /
|c Juan Rafael Quesada Camacho ...[et al.]
|
| 260 |
|
|
|a San José, C.R. :
|b Editorial de la Universidad de Costa Rica,
|c 1999
|
| 300 |
|
|
|a 356 páginas
|
| 650 |
1 |
4 |
|a DESARROLLO ECONÓMICO Y SOCIAL
|9 445
|
| 650 |
1 |
4 |
|a EDUCACIÓN
|9 1
|
| 650 |
1 |
4 |
|a CULTURA
|9 378
|
| 650 |
1 |
4 |
|a POBLACIÓN
|9 78
|
| 650 |
1 |
4 |
|a POLÍTICA ECONÓMICA
|9 2059
|
| 942 |
|
|
|i 001411 ,001410
|h 02.01.01 840
|2 z
|c 01
|